000 00278nam a2200109Ia 4500
008 190216s9999||||xx |||||||||||||| ||und||
100 _aBarry Shore
245 0 _aQuantitative Methods For Business Decisions Text&Cases
260 _bMcgraw -hill
650 _aCommerce
942 _cBK
999 _c4553
_d4553